|
|
|
|
| LEADER |
00000nab a22000005a 4500 |
| 001 |
AR-BbUGT8825 |
| 003 |
AR-BbUGT |
| 005 |
20181220002549.0 |
| 007 |
ta |
| 008 |
081021s1988||||ag |||p |||| 0|||||spa d |
| 040 |
|
|
|a AR-BbUGT
|c AR-BbUGT
|
| 100 |
1 |
|
|a Molini Fernández, Fernanado
|
| 245 |
1 |
3 |
|a La presión fiscal en EE.UU. :
|b un factor de localización
|
| 653 |
|
|
|a Estados Unidos
|
| 653 |
|
|
|a Impuestos
|
| 653 |
|
|
|a Localización
|
| 653 |
|
|
|a Industrias
|
| 653 |
|
|
|a Movilidad
|
| 773 |
0 |
|
|o R1328.44
|g Vol. 49, no. 192 (1988), p. 341-356
|t Estudios Geográficos
|x 0014-1496
|w AR-BbUGT7001
|
| 942 |
|
|
|2 ddc
|c ARTPP
|
| 999 |
|
|
|c 14342
|d 14342
|